[Event "World ol U16"]
[Site "Eindhoven"]
[Date "2023.08.17"]
[Round "7.8"]
[White "Magold, Filip"]
[Black "Sadekov, Maksim"]
[Result "1-0"]
[WhiteElo "2359"]
[BlackElo "1960"]
[PlyCount "41"]
[EventDate "2023.08.13"]
[EventType "team-swiss"]
[EventRounds "9"]
[EventCountry "NED"]
[SourceTitle "CBM 215 Extra"]
[Source "ChessBase"]
[SourceDate "2023.09.30"]
[SourceVersion "1"]
[SourceVersionDate "2023.09.30"]
[SourceQuality "1"]
[WhiteTeam "Romania"]
[BlackTeam "Estonia"]
[WhiteTeamCountry "ROU"]
[BlackTeamCountry "EST"]

1. Nf3 e6 2. c4 d5 3. g3 Nf6 4. Bg2 c6 5. b3 Bd6 6. Bb2 Nbd7 7. 0-0 0-0 8. Nc3 dxc4 9. bxc4 e5 10. Qc2 Nc5 11. Rad1 Qc7 12. d4 exd4 13. Nxd4 Bd7 14. e4 Rae8 15. f4 Ne6 16. Nf5 Bc5+ 17. Kh1 Ng4 18. Qe2 Nxf4 19. Qxg4 Bxf5 20. exf5 Nxg2 21. Nd5 1-0

[Event "Viljandi Raud Memorial 57th"]
[Site "Viljandi"]
[Date "2023.07.04"]
[Round "4"]
[White "Haitin, Ilja"]
[Black "Sadekov, Maksim"]
[Result "1/2-1/2"]
[WhiteElo "2327"]
[BlackElo "2036"]
[PlyCount "133"]
[EventDate "2023.07.02"]
[EventType "swiss"]
[EventRounds "9"]
[EventCountry "EST"]
[SourceTitle "CBM 215 Extra"]
[Source "ChessBase"]
[SourceDate "2023.09.30"]
[SourceVersion "1"]
[SourceVersionDate "2023.09.30"]
[SourceQuality "1"]

1. Nf3 e6 2. g3 f5 3. Bg2 Nf6 4. c4 d5 5. 0-0 c6 6. d3 Bd6 7. Nc3 0-0 8. e4 fxe4 9. dxe4 dxe4 10. Ng5 Be5 11. Ncxe4 Na6 12. Nxf6+ Bxf6 13. Ne4 Bd4 14. Bg5 Qd7 15. Rb1 e5 16. b4 Nc7 17. Be3 Ne6 18. c5 Qf7 19. Qb3 Kh8 20. b5 Qe7 21. bxc6 bxc6 22. Qc4 Nc7 23. Rfe1 Be6 24. Qa4 Nb5 25. Qa6 Bd5 26. a4 Nc7 27. Qd3 Bxe3 28. Qxe3 Ne6 29. Nd6 Bxg2 30. Kxg2 Qf6 31. Rb2 Ng5 32. Ne4 Nxe4 33. Qxe4 Rfe8 34. Rd1 Rad8 35. Rxd8 Rxd8 36. Rb7 Rf8 37. Qe3 Rf7 38. Rb8+ Rf8 39. Rxf8+ Qxf8 40. Qxe5 h6 41. h4 Qf7 42. Qe4 Qd7 43. h5 a5 44. g4 Kg8 45. Kg3 Kh8 46. f3 Kg8 47. Qe5 Kh8 48. Qb8+ Kh7 49. Qb1+ Kh8 50. Qb6 Qd5 51. Qxa5 Qe5+ 52. Kf2 Qd4+ 53. Ke2 Qe5+ 54. Kf1 Qf6 55. Ke2 Qe5+ 56. Kd3 Qd5+ 57. Kc2 Qa2+ 58. Kc3 Qa1+ 59. Kd3 Qb1+ 60. Ke3 Qc1+ 61. Kd3 Qd1+ 62. Qd2 Qxf3+ 63. Kc2 Qxg4 64. Qd8+ Kh7 65. Qd3+ Kh8 66. Qd8+ Kh7 67. Qd3+ 1/2-1/2

[Event "Rilton Cup 50th"]
[Site "Stockholm"]
[Date "2023.01.04"]
[Round "8"]
[White "Kukreja, Sankalp"]
[Black "Sadekov, Maksim"]
[Result "1-0"]
[WhiteElo "2254"]
[BlackElo "2113"]
[PlyCount "55"]
[EventDate "2022.12.27"]
[EventType "swiss"]
[EventRounds "9"]
[EventCountry "SWE"]
[SourceTitle "CBM 212 Extra"]
[Source "ChessBase"]
[SourceDate "2023.03.31"]
[SourceVersion "1"]
[SourceVersionDate "2023.03.31"]
[SourceQuality "1"]

1. e4 e6 2. d4 d5 3. Nc3 Nf6 4. e5 Nfd7 5. f4 c5 6. Nf3 Nc6 7. Be3 c4 8. f5 Bb4 9. fxe6 Bxc3+ 10. bxc3 fxe6 11. g3 0-0 12. Bh3 Qe8 13. 0-0 Nd8 14. Qe2 Qh5 15. Qg2 h6 16. g4 Qe8 17. g5 Kh7 18. Kh1 Rg8 19. Rg1 Qg6 20. Nh4 Qh5 21. g6+ Kh8 22. Qg3 Nf6 23. exf6 e5 24. Raf1 Nc6 25. fxg7+ Rxg7 26. Rf8+ Rg8 27. Qf2 Bxh3 28. Qf6# 1-0

[Event "SWE-ch Blitz"]
[Site "Stockholm"]
[Date "2023.01.01"]
[Round "10"]
[White "Aditya, Varun Gampa"]
[Black "Sadekov, Maksim"]
[Result "1-0"]
[WhiteElo "2267"]
[BlackElo "2113"]
[PlyCount "51"]
[EventDate "2023.01.01"]
[EventType "swiss (blitz)"]
[EventRounds "13"]
[EventCountry "SWE"]
[SourceTitle "CBM 211 Extra"]
[Source "ChessBase"]
[SourceDate "2023.01.31"]
[SourceVersion "1"]
[SourceVersionDate "2023.01.31"]
[SourceQuality "1"]

1. e4 d5 2. exd5 Qxd5 3. Nc3 Qd8 4. d4 Nf6 5. Nf3 Bg4 6. h3 Bxf3 7. Qxf3 c6 8. Be3 e6 9. 0-0-0 Nbd7 10. g4 Bb4 11. g5 Nd5 12. Nxd5 cxd5 13. Kb1 Qe7 14. h4 Bd6 15. c4 dxc4 16. Bxc4 0-0 17. h5 Nb6 18. Bd3 f5 19. gxf6 Qxf6 20. Qe4 Qf5 21. Qh4 Qf3 22. Rdg1 Nd5 23. Rh3 Qf6 24. Qe4 Qf5 25. Qxf5 exf5 26. Bc4 1-0

[Event "Riga Tech op 11th"]
[Site "Riga"]
[Date "2022.08.16"]
[Round "3"]
[White "Ceres, Dragos"]
[Black "Sadekov, Maksim"]
[Result "1/2-1/2"]
[WhiteElo "2388"]
[BlackElo "2041"]
[PlyCount "79"]
[EventDate "2022.08.15"]
[EventType "swiss"]
[EventRounds "9"]
[EventCountry "LAT"]
[SourceTitle "CBM 209 Extra"]
[Source "ChessBase"]
[SourceDate "2022.09.30"]
[SourceVersion "1"]
[SourceVersionDate "2022.09.30"]
[SourceQuality "1"]

1. e4 e6 2. d4 d5 3. Nd2 dxe4 4. Nxe4 Bd7 5. Nf3 Bc6 6. Bd3 Nd7 7. c3 Ngf6 8. Nxf6+ Nxf6 9. 0-0 Bxf3 10. Qxf3 c6 11. Re1 Qd5 12. Qe2 Bd6 13. a4 Qh5 14. Qxh5 Nxh5 15. a5 Bf4 16. a6 b6 17. Be4 Kd7 18. b4 Bxc1 19. Rexc1 Nf6 20. Bf3 b5 21. c4 bxc4 22. Rxc4 Nd5 23. b5 cxb5 24. Rc5 Rac8 25. Rxb5 Rb8 26. Rb7+ Rxb7 27. axb7 Rb8 28. Rxa7 Kc7 29. Kf1 Rxb7 30. Rxb7+ Kxb7 31. Ke2 Kc6 32. Kd3 Kd6 33. h4 h6 34. g3 g5 35. hxg5 hxg5 36. Kc4 Ne7 37. Kd3 f5 38. Bg2 e5 39. dxe5+ Kxe5 40. f4+ 1/2-1/2

[Event "Riga Tech Rapid op"]
[Site "Riga"]
[Date "2021.08.08"]
[Round "1"]
[White "Sethuraman, SP."]
[Black "Sadekov, Maksim"]
[Result "1-0"]
[WhiteElo "2644"]
[BlackElo "1835"]
[PlyCount "91"]
[EventDate "2021.08.08"]
[EventType "swiss (rapid)"]
[EventRounds "9"]
[EventCountry "LAT"]
[SourceTitle "CBM 203 Extra"]
[Source "ChessBase"]
[SourceDate "2021.09.30"]
[SourceVersion "1"]
[SourceVersionDate "2021.09.30"]
[SourceQuality "1"]

1. b3 e6 2. Bb2 b6 3. e4 Bb7 4. Nc3 d5 5. exd5 exd5 6. Qe2+ Qe7 7. Nb5 Na6 8. 0-0-0 Qxe2 9. Bxe2 c6 10. Nd4 Nc7 11. Ngf3 0-0-0 12. Ne5 Nh6 13. Nexc6 Bxc6 14. Nxc6 Re8 15. Bf3 f6 16. c4 Kb7 17. cxd5 Bd6 18. Nd4 Rc8 19. Kb1 Rhe8 20. Rhe1 Rxe1 21. Rxe1 Re8 22. Rxe8 Nxe8 23. Kc2 Nf7 24. Nf5 g6 25. Ne3 Kc7 26. g3 Be5 27. d4 Bd6 28. Kd3 b5 29. Bc1 a6 30. Bd2 Kb6 31. h4 Be7 32. Ng2 Bd6 33. h5 Ng7 34. hxg6 hxg6 35. Nf4 Bxf4 36. Bxf4 g5 37. Bd2 Nd6 38. Bb4 Nge8 39. Bh5 a5 40. Bc5+ Kc7 41. Bxe8 Nxe8 42. Ke4 Nd6+ 43. Bxd6+ Kxd6 44. g4 a4 45. bxa4 bxa4 46. a3 1-0

[Event "EU-ch Amateur Online Final 1400/1700"]
[Site "Tornelo INT"]
[Date "2021.04.18"]
[Round "2"]
[White "Tagkaloglou, Savvas Stefanos"]
[Black "Sadekov, Maksim"]
[Result "1-0"]
[WhiteElo "1487"]
[BlackElo "1688"]
[PlyCount "81"]
[EventDate "2021.04.18"]
[EventType "swiss (rapid)"]
[EventRounds "9"]
[EventCountry "NET"]
[SourceTitle "EXT 2023"]
[Source "ChessBase"]
[SourceDate "2022.10.05"]
[SourceVersion "1"]
[SourceVersionDate "2022.10.05"]
[SourceQuality "1"]

1. d4 e6 2. c4 b6 3. e4 Bb7 4. Bd3 Bb4+ 5. Kf1 Nc6 6. Nf3 a5 7. Nc3 Bxc3 8. bxc3 Nge7 9. g3 0-0 10. Kg2 f5 11. d5 Na7 12. Re1 fxe4 13. Bxe4 exd5 14. cxd5 Nb5 15. Qd3 Nd6 16. Bxh7+ Kh8 17. c4 b5 18. Bg5 bxc4 19. Qc2 Bxd5 20. Bxe7 Bxf3+ 21. Kg1 Qc8 22. Bxf8 Qxf8 23. Bg6 Bc6 24. Qe2 Qf3 25. Qxf3 Bxf3 26. Re7 Bc6 27. Rae1 Rf8 28. h4 Rb8 29. h5 Kg8 30. g4 c3 31. g5 Ba4 32. Rc1 Nb5 33. Re8+ Rxe8 34. Bxe8 Nd4 35. Kf1 Bb5+ 36. Ke1 Nf3+ 37. Kd1 Ba4+ 38. Ke2 Nd4+ 39. Kd3 Nb5 40. Bxd7 c5 41. Bxb5 1-0

[Event "EU-ch Online U14"]
[Site "Tornelo INT"]
[Date "2020.09.18"]
[Round "3"]
[White "Madhavan, Sanjith1"]
[Black "Sadekov, Maksim"]
[Result "1/2-1/2"]
[WhiteElo "1424"]
[BlackElo "1690"]
[PlyCount "180"]
[EventDate "2020.09.18"]
[EventType "swiss (rapid)"]
[EventRounds "9"]
[EventCountry "ENG"]
[SourceTitle "EXT 2023"]
[Source "ChessBase"]
[SourceDate "2022.10.05"]
[SourceVersion "1"]
[SourceVersionDate "2022.10.05"]
[SourceQuality "1"]
[WhiteTeam "Schottland"]
[BlackTeam "Estonia"]
[WhiteTeamCountry "SCO"]
[BlackTeamCountry "EST"]

1. e4 e6 2. d4 d5 3. Nd2 Nf6 4. e5 Nfd7 5. f3 c5 6. c3 Nc6 7. Ne2 Qb6 8. Nb3 a5 9. dxc5 Nxc5 10. f4 Ne4 11. Nbd4 Bc5 12. g3 Nxd4 13. Nxd4 0-0 14. Bg2 Bd7 15. 0-0 Bxd4+ 16. Qxd4 Qxd4+ 17. cxd4 Rfc8 18. Bxe4 dxe4 19. Bd2 b5 20. Rac1 a4 21. a3 Rxc1 22. Rxc1 Rc8 23. Rxc8+ Bxc8 24. Kf2 f5 25. exf6 gxf6 26. Ke3 f5 27. Bb4 Kf7 28. Bd6 Bb7 29. Kd2 Bd5 30. Kc3 Kg6 31. Kd2 Kh5 32. h3 Bc4 33. Ke1 Kg6 34. Kf2 h5 35. h4 Kf7 36. Ke3 Ke8 37. Kd2 Kd7 38. Bb4 Kc6 39. Ke3 Kd5 40. Bc3 Bf1 41. Kd2 Kc4 42. Ke3 Kb3 43. Kd2 Bc4 44. d5 exd5 45. Bh8 Bd3 46. Bc3 Kc4 47. Ke3 Bb1 48. Bh8 b4 49. axb4 Kxb4 50. Bg7 Kc4 51. Bh8 Bd3 52. Bg7 Kb3 53. Kd2 Bb1 54. Bh8 Kc4 55. Ke3 Kb3 56. Kd2 a3 57. bxa3 Kxa3 58. Bg7 Kb3 59. Bh8 Bd3 60. Bg7 Ba6 61. Bh8 Kc4 62. Ke3 Kb3 63. Kd2 Kb4 64. Bg7 Bf1 65. Bh8 Kc5 66. Ke3 Bh3 67. Bg7 Bg4 68. Bh8 Kc4 69. Bg7 Bf3 70. Bh8 Kb5 71. Bg7 Ka4 72. Kd2 Kb3 73. Bf6 Bg4 74. Bg7 Bh3 75. Bf6 Bg2 76. Bg7 Kc4 77. Ke3 Kb3 78. Kd2 Bf3 79. Bh8 Bg4 80. Bg7 e3+ 81. Kxe3 Kc2 82. Kd4 Kd2 83. Kxd5 Ke2 84. Bf6 Kf2 85. Bg5 Kxg3 86. Kc5 Bf3 87. Kd6 Kg4 88. Kc5 Be4 89. Kd6 Bb1 90. Kc5 Be4 1/2-1/2